| 000 | 01083naa a2200265 c 4500 | ||
|---|---|---|---|
| 001 | 45972 | ||
| 003 | ES-MaCES | ||
| 005 | 20150925135704.0 | ||
| 008 | 150615s2014 sp ||||| t||||||| ||spa d | ||
| 040 |
_aES-MaCES _bspa _cES-MaCES |
||
| 100 | 1 |
_925877 _aVila Tierno, Francisco |
|
| 245 | 1 | 0 |
_a Personal laboral en la administración pública _b: situaciones de acceso irregular y despido colectivo _cFrancisco Vila Tierno |
| 500 | _aResumen | ||
| 650 | 4 |
_927214 _aadministración pública |
|
| 650 | 4 |
_930040 _acondiciones de empleo |
|
| 650 | 4 |
_928316 _acontrato de trabajo |
|
| 650 | 4 |
_930420 _acondiciones de admisión al trabajo |
|
| 650 | 4 |
_928219 _areglamento del personal |
|
| 650 | 4 |
_928359 _adespido colectivo |
|
| 653 | _aRelaciones laborales-Empleo | ||
| 650 | 4 |
_928369 _arelaciones laborales |
|
| 773 | 0 |
_982431 _dMadrid (Ignacio Ellacuría, 3, 28017) Civitas _o085334 _tNueva revista española de Derecho del trabajo _w(ES-MaCES)25060 _gn. 168 (sept. 2014) {10040 R. 085334} ;p. 269-304 |
|
| 902 | _aART Artículo de revista | ||
| 942 |
_2CES _cAR _h2.0. |
||
| 999 |
_c45972 _d45972 |
||